[Event "SV Wattenscheid 3 - SV Waltrop 1"]
[Site "Verbandsklasse, Gruppe 1 2017"]
[Date "2018.01.14"]
[Round "5.1"]
[White "Winterberg, Andreas"]
[Black "Leveikina, Jevgenija"]
[Result "1/2-1/2"]
[WhiteElo "2004"]
[BlackElo "2035"]
[PlyCount "31"]
[EventDate "2018.??.??"]

1. e4 c6 2. Nc3 d5 3. Nf3 Nf6 4. e5 Ne4 5. Be2 e6 6. O-O Nxc3 7. dxc3 Be7 8. c4
O-O 9. cxd5 exd5 10. c4 dxc4 11. Bxc4 Qxd1 12. Rxd1 Bg4 13. h3 Bh5 14. Bf4 a5
15. a4 Bb4 16. Bd2 1/2-1/2

[Event "SV Wattenscheid 3 - SV Waltrop 1"]
[Site "Verbandsklasse, Gruppe 1 2017"]
[Date "2018.01.14"]
[Round "5.2"]
[White "Wolf, Ulrich"]
[Black "Gasper, Joern"]
[Result "1/2-1/2"]
[WhiteElo "2035"]
[BlackElo "2013"]
[PlyCount "43"]
[EventDate "2018.??.??"]

1. Nf3 d5 2. c4 c6 3. b3 Bf5 4. Bb2 e6 5. d3 h6 6. Qc2 Nf6 7. Nbd2 Bh7 8. g3
Be7 9. Bg2 O-O 10. O-O Nbd7 11. Rac1 a5 12. a3 Qb6 13. h3 Qa6 14. Qb1 Rfd8 15.
Qa1 Bf8 16. Ne5 Nxe5 17. Bxe5 Nd7 18. Bb2 Rac8 19. Rc2 Nb6 20. Rfc1 Re8 21. Bf3
Rcd8 22. Kg2 1/2-1/2

[Event "SV Wattenscheid 3 - SV Waltrop 1"]
[Site "Verbandsklasse, Gruppe 1 2017"]
[Date "2018.01.14"]
[Round "5.3"]
[White "Eckert, Marius"]
[Black "Thelen, Thomas"]
[Result "0-1"]
[WhiteElo "1979"]
[BlackElo "1990"]
[PlyCount "96"]
[EventDate "2018.??.??"]

1. d4 Nf6 2. Bf4 e6 3. e3 c5 4. c3 b6 5. h3 Bb7 6. Nf3 Be7 7. Bd3 a6 8. Nbd2
cxd4 9. exd4 d6 10. O-O O-O 11. a4 Nbd7 12. Qe2 Re8 13. Rfe1 Bf8 14. Qf1 Qc7
15. Bh2 h6 16. Bc4 Qc6 17. Bd3 Qc7 18. a5 b5 19. c4 bxc4 20. Bxc4 Qb8 21. Qd3
Qa7 22. Ba2 Rad8 23. Nc4 e5 24. dxe5 dxe5 25. Qe2 e4 26. Nfe5 Bd5 27. Nxd7 Nxd7
28. Nd6 Bxd6 29. Bxd6 Bxa2 30. Rxa2 Re6 31. Bf4 Ne5 32. Bxe5 Rxe5 33. Ra4 Rde8
34. Ra3 f5 35. Qc4+ Kh7 36. b4 f4 37. Re2 Qe7 38. Rb3 Qg5 39. g3 h5 40. Qf7 f3
41. Ree3 R8e6 42. Rbc3 h4 43. g4 Rf6 44. Qd7 Rd5 45. Qc7 Rd1+ 46. Kh2 Rf1 47.
Rxe4 Rxf2+ 48. Kh1 Rf1+ 0-1

[Event "SV Wattenscheid 3 - SV Waltrop 1"]
[Site "Verbandsklasse, Gruppe 1 2017"]
[Date "2018.01.14"]
[Round "5.4"]
[White "Sicars, Thorsten"]
[Black "Drewes, Martin"]
[Result "1-0"]
[WhiteElo "1919"]
[BlackElo "1944"]
[PlyCount "81"]
[EventDate "2018.??.??"]

1. Nf3 d5 2. c4 Nf6 3. g3 c5 4. Bg2 Nc6 5. cxd5 Nxd5 6. Nc3 Nc7 7. b3 g6 8. Ba3
b6 9. Rc1 Bg7 10. O-O O-O 11. Bb2 Bd7 12. Na4 e5 13. Ne1 Rc8 14. Nc3 Nd4 15. e3
Nc6 16. Qe2 Ne7 17. d3 Bc6 18. Nf3 Re8 19. Rfd1 Ned5 20. Ne4 Qe7 21. Ned2 Rcd8
22. Nc4 f6 23. a3 Qe6 24. Qc2 Ne7 25. b4 cxb4 26. axb4 Nb5 27. Rb1 Rc8 28. Rdc1
Red8 29. Bc3 Nxc3 30. Qxc3 b5 31. Qb3 bxc4 32. dxc4 Rc7 33. b5 Be4 34. Ra1 Rdc8
35. Nd2 Bxg2 36. Kxg2 Kh8 37. Ra6 Qf7 38. Ne4 Rxc4 39. Nd6 Qd5+ 40. e4 Qd4 41.
Rxc4 1-0

[Event "SV Wattenscheid 3 - SV Waltrop 1"]
[Site "Verbandsklasse, Gruppe 1 2017"]
[Date "2018.01.14"]
[Round "5.5"]
[White "Breidenbach, Rolf"]
[Black "Zwielich, Frank"]
[Result "1-0"]
[WhiteElo "1861"]
[BlackElo "1949"]
[PlyCount "51"]
[EventDate "2018.??.??"]

1. d4 d5 2. Bf4 c5 3. e3 Qb6 4. Nc3 Nf6 5. Nb5 Na6 6. a4 c4 7. Ne2 Bf5 8. f3 e6
9. Ng3 Bg6 10. c3 h5 11. h4 Qc6 12. Be2 Be7 13. Qd2 O-O 14. Bd1 Rfd8 15. Bc2
Bxc2 16. Qxc2 g6 17. Ne2 Kg7 18. Be5 Kh6 19. g4 hxg4 20. Bxf6 Bxf6 21. fxg4 Nc7
22. g5+ Bxg5 23. hxg5+ Kxg5 24. Ng1 Nxb5 25. axb5 Qxb5 26. Qf2 1-0

[Event "SV Wattenscheid 3 - SV Waltrop 1"]
[Site "Verbandsklasse, Gruppe 1 2017"]
[Date "2018.01.14"]
[Round "5.6"]
[White "Pustelny-Conrad, Dieter"]
[Black "Sehrbrock, Christoph"]
[Result "1/2-1/2"]
[WhiteElo "1942"]
[BlackElo "1808"]
[PlyCount "129"]
[EventDate "2018.??.??"]

1. e4 c6 2. d4 d5 3. exd5 cxd5 4. c4 Nf6 5. Nc3 Nc6 6. Nf3 Bg4 7. cxd5 Nxd5 8.
Qb3 Bxf3 9. gxf3 e6 10. Qxb7 Nxd4 11. Bb5+ Nxb5 12. Qxb5+ Qd7 13. Qxd7+ Kxd7
14. Nxd5 exd5 15. Be3 Bb4+ 16. Ke2 a6 17. Rhg1 g6 18. Rac1 Rac8 19. Kd3 Bd6 20.
h3 Be5 21. b3 Bb2 22. Rxc8 Rxc8 23. Rg4 Rc3+ 24. Kd2 Rc6 25. Ra4 Rf6 26. Ke2
Re6 27. Kd3 Rc6 28. Bd4 Bc1 29. Rb4 Bf4 30. a4 Bd6 31. Rb7+ Rc7 32. Rxc7+ Kxc7
33. Bc3 Bc5 34. Be1 Kd6 35. b4 Bb6 36. f4 Ke6 37. a5 Ba7 38. Bc3 Kd6 39. Bd4
Bxd4 40. Kxd4 Kc6 41. Ke5 f6+ 42. Kd4 Kb5 43. Kxd5 Kxb4 44. Ke6 Kxa5 45. Kxf6
Kb5 46. Kg7 a5 47. Kxh7 a4 48. Kxg6 a3 49. f5 a2 50. f6 a1=Q 51. h4 Qg1+ 52.
Kf7 Qg4 53. Kf8 Qxh4 54. f7 Qxf2 55. Kg8 Qg3+ 56. Kh8 Qh4+ 57. Kg7 Qg5+ 58. Kh7
Qf6 59. Kg8 Qg6+ 60. Kh8 Qf6+ 61. Kg8 Qe6 62. Kh8 Qc8+ 63. Kg7 Qd7 64. Kg8 Qe6
65. Kh8 1/2-1/2

[Event "SV Wattenscheid 3 - SV Waltrop 1"]
[Site "Verbandsklasse, Gruppe 1 2017"]
[Date "2018.01.14"]
[Round "5.7"]
[White "Schwammbach, Frank"]
[Black "Doehmann, Joerg"]
[Result "1/2-1/2"]
[WhiteElo "1781"]
[BlackElo "1744"]
[PlyCount "61"]
[EventDate "2018.??.??"]

1. d4 d5 2. c4 e6 3. e3 Nf6 4. a3 Be7 5. Nc3 O-O 6. Nf3 b6 7. b4 Bb7 8. c5 a5
9. Bb2 Nbd7 10. Be2 Ne4 11. Nxe4 dxe4 12. Nd2 Bd5 13. O-O f5 14. Qc2 Nf6 15.
Nc4 Bxc4 16. Bxc4 Nd5 17. Qb3 Qd7 18. f4 a4 19. Qa2 b5 20. Bxd5 exd5 21. Bc3 c6
22. Be1 g6 23. Qe2 Rf7 24. h4 h5 25. g3 Raf8 26. Kg2 Rh7 27. Rh1 Kf7 28. Bf2
Rfh8 29. Rh2 Qe6 30. Rah1 Bf6 31. Kf1 1/2-1/2

[Event "SV Wattenscheid 3 - SV Waltrop 1"]
[Site "Verbandsklasse, Gruppe 1 2017"]
[Date "2018.01.14"]
[Round "5.8"]
[White "Schlee, Ulrich"]
[Black "Krolik, Wilfried"]
[Result "1-0"]
[WhiteElo "1694"]
[BlackElo "1500"]
[PlyCount "101"]
[EventDate "2018.??.??"]

1. e4 c5 2. Nc3 Nc6 3. Bb5 d6 4. Bxc6+ bxc6 5. f4 e6 6. Nf3 Ne7 7. O-O g6 8. d3
Bg7 9. Qe1 O-O 10. Kh1 Ba6 11. Bd2 Rb8 12. Rb1 d5 13. Qh4 f6 14. Qh3 Bc8 15.
Qg3 Qc7 16. Qf2 d4 17. Ne2 a5 18. Ng3 a4 19. f5 exf5 20. exf5 Nd5 21. fxg6 hxg6
22. Ne4 Rb5 23. c4 dxc3 24. Nxc3 Nxc3 25. Bxc3 Bf5 26. Rbd1 Qd6 27. Nh4 Bxd3
28. Nxg6 Re8 29. Bxf6 Bxf6 30. Rxd3 Qe6 31. Rg3 Bg7 32. Nf4 Qf7 33. Qf3 Rb4 34.
Nh5 Qxf3 35. Rxg7+ Kh8 36. gxf3 Re5 37. Rc7 Rxh5 38. Re1 Rb8 39. Ree7 Rh6 40.
Re4 Ra8 41. Kg2 Rg6+ 42. Rg4 Rh6 43. Kg3 a3 44. b3 Rf8 45. Ra7 Rhf6 46. f4 Rd8
47. Rh4+ Kg8 48. Rxa3 Rg6+ 49. Rg4 Rd3+ 50. Kh4 Kh7 51. Ra7+ 1-0

[Event "SV Rochade Eving 1 - SW Oberhausen 1"]
[Site "Verbandsklasse, Gruppe 1 2017"]
[Date "2018.01.14"]
[Round "5.1"]
[White "Puetter, Pascal"]
[Black "Michalek, Christoph"]
[Result "1/2-1/2"]
[WhiteElo "1987"]
[BlackElo "2056"]
[PlyCount "75"]
[EventDate "2018.??.??"]

1. d4 c5 2. d5 Nf6 3. Nc3 e5 4. e4 d6 5. Bb5+ Nbd7 6. a4 a6 7. Be2 g6 8. Nf3
Bg7 9. Nd2 O-O 10. Nc4 Qe7 11. Be3 Ne8 12. g4 f5 13. gxf5 gxf5 14. exf5 Rxf5
15. Bg4 Rf8 16. Qe2 Ndf6 17. Bxc8 Rxc8 18. Rg1 Kh8 19. Bg5 Qf7 20. Bxf6 Qxf6
21. Ne4 Qh4 22. Rg4 Qxh2 23. O-O-O b5 24. axb5 axb5 25. Nb6 Rd8 26. Rdg1 Bh6+
27. Kb1 Nf6 28. Nxf6 Rxf6 29. R4g2 Qh4 30. Rg4 Qxf2 31. Qxb5 Rf7 32. Qc6 Qf6
33. Nc4 Rg7 34. Rxg7 Bxg7 35. Qc7 Bf8 36. Rh1 Qe7 37. Qa5 Re8 38. Qc3 1/2-1/2

[Event "SV Rochade Eving 1 - SW Oberhausen 1"]
[Site "Verbandsklasse, Gruppe 1 2017"]
[Date "2018.01.14"]
[Round "5.2"]
[White "Kleibaumhueter, Klaus"]
[Black "Hortolani, Sven-Holger"]
[Result "1/2-1/2"]
[WhiteElo "2086"]
[BlackElo "2079"]
[PlyCount "52"]
[EventDate "2018.??.??"]

1. Nf3 d5 2. d4 Nf6 3. c4 c6 4. Qc2 g6 5. Nc3 Bg7 6. Bf4 dxc4 7. e4 b5 8. Rd1
O-O 9. a3 a6 10. Be2 Nh5 11. Bg5 h6 12. Be3 Nf6 13. Ne5 Nfd7 14. Nxd7 Nxd7 15.
Qd2 Kh7 16. d5 Bb7 17. O-O cxd5 18. exd5 Nf6 19. f4 Qd7 20. Bf3 Rac8 21. Qe2 a5
22. Bd4 Ne8 23. Rfe1 b4 24. axb4 axb4 25. Bxg7 Nxg7 26. Qxe7 Qxe7 1/2-1/2

[Event "SV Rochade Eving 1 - SW Oberhausen 1"]
[Site "Verbandsklasse, Gruppe 1 2017"]
[Date "2018.01.14"]
[Round "5.3"]
[White "Schwerdtfeger, Joachim"]
[Black "Hornung, Ruediger"]
[Result "1/2-1/2"]
[WhiteElo "1858"]
[BlackElo "1925"]
[Annotator "Daniel"]
[PlyCount "55"]
[EventDate "2018.??.??"]

1. e4 e6 2. d4 d5 3. Nd2 c5 4. exd5 exd5 5. dxc5 Bxc5 6. Nb3 Bb6 7. Nf3 Ne7 8.
Be2 O-O 9. O-O Nbc6 10. c3 Bg4 11. Re1 Qd6 12. Nfd4 Bxe2 13. Rxe2 Rae8 14. Be3
Nxd4 15. Bxd4 Bxd4 16. Nxd4 Qd7 17. Qd3 Nc6 18. Rae1 Nxd4 19. Qxd4 Rxe2 20.
Rxe2 Qb5 21. Qe3 a5 22. Qd2 g6 $11 23. h3 a4 24. Re5 Rd8 25. Qg5 Rf8 26. Qd2
Rd8 27. Qg5 Rf8 28. Qd2 1/2-1/2

[Event "SV Rochade Eving 1 - SW Oberhausen 1"]
[Site "Verbandsklasse, Gruppe 1 2017"]
[Date "2018.01.14"]
[Round "5.4"]
[White "Pahne, Dirk"]
[Black "Matthes, Severin Johannes"]
[Result "1-0"]
[WhiteElo "1909"]
[BlackElo "1831"]
[PlyCount "111"]
[EventDate "2018.??.??"]

1. e4 c5 2. Nf3 d6 3. g3 Nf6 4. d3 g6 5. Bg2 Nc6 6. O-O Bg7 7. Nc3 O-O 8. Nd5
Nxd5 9. exd5 Ne5 10. Nxe5 dxe5 11. Be3 Qd6 12. c3 Bf5 13. Qe2 Rac8 14. Rad1 Qa6
15. Rd2 c4 16. dxc4 Qxa2 17. d6 exd6 18. Bxb7 Rc7 19. Bd5 Qa6 20. Rfd1 Re8 21.
Qf1 Qc8 22. Ra1 Ree7 23. Bg5 Red7 24. Qd1 h6 25. Be3 Bf8 26. Ra4 Be7 27. Bxh6
Rc5 28. Be3 Rxd5 29. cxd5 Rb7 30. h4 e4 31. Qe2 Bg4 32. Qc4 Qd7 33. Qxe4 Bf3
34. Qxf3 Qxa4 35. Bd4 Qa1+ 36. Kh2 Rxb2 37. Rxb2 Qxb2 38. Qf4 Qc2 39. Qe3 Kf8
40. Bxa7 Qf5 41. c4 Qh5 42. Kg2 Qf5 43. Bd4 g5 44. hxg5 Bxg5 45. Qf3 Qc2 46.
Bf6 Bxf6 47. Qxf6 Qe4+ 48. Kh3 Qh1+ 49. Kg4 Qe4+ 50. Kg5 Qxc4 51. Qxd6+ Kg8 52.
Qd8+ Kg7 53. Qf6+ Kg8 54. Kh6 Kf8 55. d6 Qc1+ 56. f4 1-0

[Event "SV Rochade Eving 1 - SW Oberhausen 1"]
[Site "Verbandsklasse, Gruppe 1 2017"]
[Date "2018.01.14"]
[Round "5.5"]
[White "Kuckelkorn, Joerg"]
[Black "Jaehnicke, Karl-Heinz"]
[Result "1-0"]
[WhiteElo "1845"]
[BlackElo "1760"]
[PlyCount "107"]
[EventDate "2018.??.??"]

1. f4 Nc6 2. Nf3 d5 3. g3 Nf6 4. Bg2 Bg4 5. d3 Bxf3 6. Bxf3 Qd7 7. O-O h5 8. e4
O-O-O 9. e5 Ng4 10. h3 Ngxe5 11. fxe5 Qxh3 12. Qe1 e6 13. Bg2 Qg4 14. Rf4 Qg6
15. Nc3 Be7 16. Ra4 Bc5+ 17. Be3 Bxe3+ 18. Qxe3 d4 19. Qe4 dxc3 20. Qxg6 fxg6
21. bxc3 Kd7 22. d4 h4 23. gxh4 Rxh4 24. Rf1 Ke7 25. Ra3 Rdh8 26. Rf2 a6 27.
Rb3 Na5 28. Rb4 Rg4 29. Kf1 b5 30. a4 c6 31. axb5 axb5 32. d5 Nc4 33. d6+ Kd8
34. Bf3 Ne3+ 35. Ke2 Rxb4 36. cxb4 Nc4 37. Bxc6 Nxe5 38. Bxb5 g5 39. c4 Nxc4
40. Bxc4 Kd7 41. Rf7+ Kxd6 42. Rxg7 Rh4 43. Kd3 Rh3+ 44. Kc2 Rh4 45. Kb3 Rg4
46. Rg6 Rg3+ 47. Ka4 Ke5 48. Bxe6 Kf4 49. b5 Rg1 50. b6 Rb1 51. Ka5 Ke5 52. Bd7
Ra1+ 53. Ba4 Kf5 54. Rg8 1-0

[Event "SV Rochade Eving 1 - SW Oberhausen 1"]
[Site "Verbandsklasse, Gruppe 1 2017"]
[Date "2018.01.14"]
[Round "5.6"]
[White "Regber, Karl-Heinz"]
[Black "Boecker, Juergen"]
[Result "1/2-1/2"]
[WhiteElo "1613"]
[BlackElo "1802"]
[Annotator "Daniel"]
[PlyCount "99"]
[EventDate "2018.??.??"]

1. Nf3 Nf6 2. d3 g6 3. g3 Bg7 4. Bg2 O-O 5. c4 d6 6. Nc3 Nc6 7. O-O e5 8. e4
Nd7 9. Bg5 f6 10. Be3 Re8 11. Qd2 Nf8 12. d4 exd4 13. Nxd4 Ne5 14. b3 Ng4 15.
Nc2 Nxe3 16. fxe3 Nd7 17. Nd4 Ne5 18. Nf3 Rb8 19. Nxe5 Rxe5 20. Rae1 Bd7 21.
Qf2 Bc6 22. Nd5 Bxd5 23. cxd5 c5 24. dxc6 bxc6 25. Rd1 Qe7 26. Qc2 Bh6 27. Qxc6
Bxe3+ 28. Kh1 Bc5 29. Qa4 Rb4 30. Qc6 Kf7 31. Rf4 Rb6 32. Qc8 Be3 33. Rff1 Rc5
34. Qg4 Rc2 35. Qf3 Bc5 36. a4 Ba3 37. Rd5 Rbc6 38. Rd3 Bb2 39. b4 Be5 40. b5
R6c4 41. a5 Qc7 42. b6 axb6 43. axb6 Qxb6 44. Rb3 Rb4 45. Rxb4 Qxb4 46. Qd3 $11
Qb2 47. Qf3 Bd4 48. Qg4 Qb7 49. Qf3 Qb2 50. Qg4 1/2-1/2

[Event "SV Rochade Eving 1 - SW Oberhausen 1"]
[Site "Verbandsklasse, Gruppe 1 2017"]
[Date "2018.01.14"]
[Round "5.7"]
[White "Matthies, Jochen"]
[Black "Sprungala, Erik"]
[Result "1-0"]
[WhiteElo "1785"]
[BlackElo "1564"]
[PlyCount "99"]
[EventDate "2018.??.??"]

1. d4 Nf6 2. Nf3 d5 3. e3 e6 4. Nbd2 Be7 5. Bd3 O-O 6. b3 Nbd7 7. Bb2 b6 8. O-O
Bb7 9. Qe2 h6 10. a3 Re8 11. c4 c5 12. Rac1 Rc8 13. Rfd1 Bd6 14. Ne5 Qe7 15.
Nxd7 Nxd7 16. cxd5 exd5 17. dxc5 bxc5 18. Bb1 Be5 19. Nf3 Bxb2 20. Qxb2 Ne5 21.
Nxe5 Qxe5 22. Qd2 Qe6 23. Qd3 g6 24. Qb5 Qb6 25. Bd3 Re6 26. Qa4 Bc6 27. Qg4
Bb7 28. Bf5 h5 29. Qg3 Kh7 30. Bxe6 fxe6 31. Qe5 Rf8 32. b4 Rf5 33. bxc5 Qc6
34. Qd6 e5 35. Rb1 d4 36. Qe7+ Kh6 37. Rxb7 dxe3 38. fxe3 Qe4 39. Re1 Qc2 40.
Qg7+ Kg5 41. h4+ Kxh4 42. Rb4+ Kg5 43. Qe7+ Kh6 44. Rf1 Rxf1+ 45. Kxf1 Qd1+ 46.
Kf2 Qd2+ 47. Kg1 Qxe3+ 48. Kh2 Qxa3 49. Re4 Qc1 50. Qxe5 1-0

[Event "SV Rochade Eving 1 - SW Oberhausen 1"]
[Site "Verbandsklasse, Gruppe 1 2017"]
[Date "2018.01.14"]
[Round "5.8"]
[White "Krams, Amatus"]
[Black "Zimmer, Javier Miguel"]
[Result "0-1"]
[WhiteElo "1254"]
[BlackElo "1587"]
[Annotator "Daniel"]
[PlyCount "98"]
[EventDate "2018.??.??"]

1. e4 c6 2. Nc3 d5 3. exd5 cxd5 4. d4 Nf6 5. Bf4 a6 6. Bd3 Bg4 7. f3 Bh5 8. g4
Bg6 9. h4 e6 10. h5 Bxd3 11. Qxd3 Bd6 12. Be5 Bxe5 13. dxe5 Nfd7 14. f4 $11 Qa5
15. Nge2 Nc6 16. a3 Nc5 17. Qd2 Qc7 18. Nd4 h6 19. O-O-O O-O-O 20. Qf2 $11 Kb8
21. Rhe1 Nxd4 22. Rxd4 Rc8 23. f5 Qe7 24. Kb1 Nd7 25. Na2 Rc4 26. Rxc4 dxc4 27.
Re4 Rc8 28. Qe2 Rc5 29. fxe6 Qxe6 30. Nc3 Rxe5 31. Rxe5 Nxe5 32. Na4 Nxg4 33.
Qxe6 fxe6 34. Nb6 Nf6 35. Nxc4 Nxh5 36. Kc1 Kc7 37. Kd2 b5 38. Ne5 Kd6 39. Nf3
g5 40. Ke3 Nf6 41. Nd4 Kd5 42. Ne2 e5 43. Ng3 h5 44. b3 h4 45. Ne2 g4 46. Nc3+
Kc5 47. Kf2 Kd4 48. Ne2+ Kc5 49. Nc3 a5 0-1

[Event "SV Hamm 2 - SG Drewer 1"]
[Site "Verbandsklasse, Gruppe 1 2017"]
[Date "2018.01.14"]
[Round "5.1"]
[White "Mittmann, Volker"]
[Black "Woertler, Lars-Erik"]
[Result "1/2-1/2"]
[WhiteElo "1914"]
[BlackElo "1843"]
[PlyCount "41"]
[EventDate "2018.??.??"]

1. e4 e6 2. d4 d5 3. Nc3 Bb4 4. exd5 exd5 5. Bd3 Ne7 6. a3 Ba5 7. Qh5 h6 8. b4
Bb6 9. Nf3 Nbc6 10. Ne2 g6 11. Qh4 Nf5 12. Qxd8+ Nxd8 13. c3 Nd6 14. Bf4 Ne6
15. Bg3 O-O 16. Ne5 Kg7 17. h4 a5 18. Kd2 axb4 19. axb4 Rxa1 20. Rxa1 Rd8 21.
f3 1/2-1/2

[Event "SV Hamm 2 - SG Drewer 1"]
[Site "Verbandsklasse, Gruppe 1 2017"]
[Date "2018.01.14"]
[Round "5.2"]
[White "Mustafic, Mustafa"]
[Black "Arnold, Ulrich"]
[Result "1/2-1/2"]
[WhiteElo "1738"]
[BlackElo "1853"]
[PlyCount "37"]
[EventDate "2018.??.??"]

1. e4 e6 2. d4 d5 3. Nc3 Nf6 4. exd5 exd5 5. Nf3 Nc6 6. Be2 Bf5 7. a3 Be7 8.
O-O h6 9. h3 O-O 10. Bf4 Bd6 11. Ne5 Qe7 12. Nxc6 bxc6 13. Bxd6 cxd6 14. Re1
Qd7 15. Bf3 Rfe8 16. Qd2 Rxe1+ 17. Rxe1 Re8 18. Rxe8+ Qxe8 19. b4 1/2-1/2

[Event "SV Hamm 2 - SG Drewer 1"]
[Site "Verbandsklasse, Gruppe 1 2017"]
[Date "2018.01.14"]
[Round "5.3"]
[White "Nebel, Uwe"]
[Black "Fluegel, Thomas"]
[Result "1/2-1/2"]
[WhiteElo "1869"]
[BlackElo "1785"]
[PlyCount "72"]
[EventDate "2018.??.??"]

1. e4 e6 2. d4 d5 3. Nc3 Bb4 4. exd5 exd5 5. Bd3 Nc6 6. a3 Be7 7. Nce2 Nf6 8.
c3 O-O 9. Bf4 Bg4 10. f3 Bh5 11. Ng3 Bg6 12. Nf5 Bxf5 13. Bxf5 Bd6 14. Bg5 h6
15. Bd2 Ne7 16. Bc2 Re8 17. Ne2 c6 18. O-O Qc7 19. g3 Ng6 20. Bxg6 fxg6 21. Nf4
g5 22. Ng2 Re7 23. Qc2 Rae8 24. Rae1 Qd7 25. Ne3 Re6 26. Nf5 Bf8 27. g4 Re2 28.
Rxe2 Rxe2 29. Qd3 Re6 30. Re1 Rxe1+ 31. Bxe1 Qe8 32. Bg3 Qe6 33. Be5 Kf7 34.
Kf2 g6 35. Ng3 Bd6 36. Bxd6 Qxd6 1/2-1/2

[Event "SV Hamm 2 - SG Drewer 1"]
[Site "Verbandsklasse, Gruppe 1 2017"]
[Date "2018.01.14"]
[Round "5.4"]
[White "Sewarte, Jochen"]
[Black "Uhlich, Wilfried"]
[Result "1/2-1/2"]
[WhiteElo "1743"]
[BlackElo "1831"]
[PlyCount "101"]
[EventDate "2018.??.??"]

1. e4 c6 2. Nf3 d5 3. exd5 cxd5 4. d4 Nf6 5. Bf4 Bg4 6. Be2 e6 7. h3 Bxf3 8.
Bxf3 Nc6 9. O-O Qb6 10. c3 Qxb2 11. Nd2 Qxc3 12. Nb3 Ba3 13. Bd2 Qd3 14. Be2
Qg6 15. h4 h5 16. Bg5 Nd7 17. Bd3 f5 18. Re1 O-O 19. Be2 Nf6 20. Bf3 Ng4 21.
Qe2 Rfe8 22. Qb5 Qf7 23. Rad1 Qc7 24. g3 Bd6 25. Kg2 Kf7 26. Nc5 Nxd4 27. Rxd4
Bxc5 28. Rc1 Rac8 29. Bxd5 Qe5 30. Bxe6+ Rxe6 31. Rd7+ Kg6 32. Qxb7 Qe4+ 33.
Qxe4 Rxe4 34. Rd5 Re2 35. Rcxc5 Rxf2+ 36. Kg1 Rxc5 37. Rxc5 Rxa2 38. Rc6+ Kf7
39. Bf4 a5 40. Rc5 g6 41. Rc7+ Ke6 42. Rc6+ Kd5 43. Rxg6 Ke4 44. Rc6 a4 45. Rc3
Kd4 46. Rf3 Ra1+ 47. Kg2 a3 48. Bd6 a2 49. Ra3 Ne3+ 50. Kh2 Nd5 51. Bf8 1/2-1/2

[Event "SV Hamm 2 - SG Drewer 1"]
[Site "Verbandsklasse, Gruppe 1 2017"]
[Date "2018.01.14"]
[Round "5.5"]
[White "Schaefer, Martin"]
[Black "Alakbarov, Aleksey"]
[Result "1-0"]
[WhiteElo "1740"]
[BlackElo "1836"]
[PlyCount "45"]
[EventDate "2018.??.??"]

1. e4 e5 2. Nf3 Nc6 3. Bc4 Bc5 4. O-O Nf6 5. d3 O-O 6. Bg5 h6 7. Bh4 d6 8. Nc3
Be6 9. Nd5 Bxd5 10. Bxd5 Rb8 11. c3 a6 12. b4 Ba7 13. a4 Kh7 14. b5 Ne7 15.
Bxf6 gxf6 16. Bc4 a5 17. Nh4 d5 18. exd5 Nxd5 19. Nf5 Ne7 20. Qh5 Nxf5 21.
Qxf5+ Kh8 22. d4 Qc8 23. Qxf6+ 1-0

[Event "SV Hamm 2 - SG Drewer 1"]
[Site "Verbandsklasse, Gruppe 1 2017"]
[Date "2018.01.14"]
[Round "5.6"]
[White "Rosentreter, Burkhard"]
[Black "Schaepers, Lars"]
[Result "0-1"]
[WhiteElo "1723"]
[BlackElo "1715"]
[PlyCount "84"]
[EventDate "2018.??.??"]

1. d4 d5 2. c4 e6 3. Nc3 Nf6 4. Bg5 Be7 5. e3 Nbd7 6. Nf3 O-O 7. Bd3 c6 8. O-O
dxc4 9. Bxc4 Nd5 10. Bxe7 Qxe7 11. Rc1 Nxc3 12. Rxc3 e5 13. dxe5 Nxe5 14. Nxe5
Qxe5 15. Qb3 Qe7 16. Rd1 Bf5 17. Bd3 Bg4 18. Rd2 Rad8 19. Qc2 g6 20. h3 Be6 21.
a3 Rd6 22. Bc4 Rfd8 23. Rxd6 Rxd6 24. Bxe6 Qxe6 25. Rd3 Qe4 26. Rd2 Qxc2 27.
Rxc2 Kf8 28. Kf1 Ke7 29. Ke2 b6 30. e4 c5 31. Rc3 Rd4 32. Ke3 Kd6 33. f4 b5 34.
Rd3 Rxd3+ 35. Kxd3 h6 36. g4 g5 37. Ke3 gxf4+ 38. Kxf4 c4 39. g5 hxg5+ 40. Kxg5
a5 41. Kf4 b4 42. axb4 c3 0-1

[Event "SV Hamm 2 - SG Drewer 1"]
[Site "Verbandsklasse, Gruppe 1 2017"]
[Date "2018.01.14"]
[Round "5.7"]
[White "Nordhoff, Georg"]
[Black "Brieger, Sebastian"]
[Result "0-1"]
[WhiteElo "1661"]
[BlackElo "1671"]
[PlyCount "88"]
[EventDate "2018.??.??"]

1. e4 c5 2. Nf3 e6 3. d4 cxd4 4. Nxd4 Nf6 5. Bd3 Nc6 6. Be3 d5 7. exd5 Nxd5 8.
Nxc6 bxc6 9. Qe2 Bd6 10. Nd2 O-O 11. O-O Qc7 12. Kh1 Bb7 13. c4 Nxe3 14. Qxe3
c5 15. Rad1 Be5 16. b3 Rad8 17. f4 Bxf4 18. Bxh7+ Kxh7 19. Rxf4 Rh8 20. Rh4+
Kg8 21. Rxh8+ Kxh8 22. Re1 Qa5 23. Nf1 Qxa2 24. Re2 Qb1 25. Re1 Qc2 26. Re2 Qf5
27. Rf2 Qh5 28. Qf4 Rd7 29. Ne3 e5 30. Qg3 Rd3 31. Kg1 Rxb3 32. Rf5 Qh6 33.
Rxe5 f5 34. Nxf5 Rxg3 35. Nxh6 Rxg2+ 36. Kf1 gxh6 37. Rxc5 Rxh2 38. Ra5 a6 39.
Re5 Rg2 40. Re6 Kh7 41. c5 Rg6 42. Re7+ Rg7 43. Re6 Rc7 44. Rb6 Bd5 0-1

[Event "SV Hamm 2 - SG Drewer 1"]
[Site "Verbandsklasse, Gruppe 1 2017"]
[Date "2018.01.14"]
[Round "5.8"]
[White "Ales Garcia, Jose Luis Gabriel"]
[Black "Kraft, Marius"]
[Result "0-1"]
[WhiteElo "1556"]
[BlackElo "1459"]
[PlyCount "88"]
[EventDate "2018.??.??"]

1. e4 e5 2. Nf3 Nc6 3. Bb5 d6 4. h3 Bd7 5. Nc3 Nge7 6. d3 h6 7. O-O g6 8. Nh2
Nd4 9. Bc4 f5 10. f4 Bg7 11. fxe5 Bxe5 12. Be3 Be6 13. Bxe6 Nxe6 14. d4 Bg7 15.
Qd2 Qd7 16. d5 Nc5 17. exf5 Nxf5 18. Bxc5 dxc5 19. Rae1+ Ne7 20. Qe2 Bxc3 21.
bxc3 Rh7 22. Ng4 O-O-O 23. Nf6 Qd6 24. Nxh7 Nxd5 25. Qe6+ Qxe6 26. Rxe6 Nxc3
27. Rf8 Rxf8 28. Nxf8 b6 29. Rxg6 Nxa2 30. Rxh6 Nb4 31. c4 a5 32. Re6 a4 33. g4
a3 34. Re8+ Kb7 35. g5 Nc2 36. Rd8 Nd4 37. g6 a2 38. g7 a1=Q+ 39. Kf2 Qb2+ 40.
Kg1 Qc1+ 41. Kf2 Qf4+ 42. Ke1 Qe3+ 43. Kf1 Qe2+ 44. Kg1 Nf3+ 0-1

[Event "FS Dortmund 1 - SV Welper 2"]
[Site "Verbandsklasse, Gruppe 1 2017"]
[Date "2018.01.14"]
[Round "5.1"]
[White "Sharma, Danesh"]
[Black "Reichmann, Oleg"]
[Result "0-1"]
[WhiteElo "1863"]
[BlackElo "1988"]
[PlyCount "82"]
[EventDate "2018.??.??"]

1. e4 c6 2. d4 d5 3. exd5 cxd5 4. c4 Nf6 5. Nc3 g6 6. Qb3 Bg7 7. cxd5 O-O 8.
Be2 Nbd7 9. Bf3 Nb6 10. Nge2 Bg4 11. Bxg4 Nxg4 12. Bf4 Qd7 13. O-O Rfd8 14. h3
Nf6 15. d6 exd6 16. a4 d5 17. a5 Nc4 18. Ra4 Rac8 19. Rb4 Nxa5 20. Qa2 b6 21.
Be5 Rc4 22. Rb5 Qc6 23. b4 a6 24. bxa5 axb5 25. a6 Nd7 26. a7 Nxe5 27. dxe5
Bxe5 28. Nxb5 Rc2 29. Nbd4 Bxd4 30. Nxd4 Rxa2 31. Nxc6 Rd6 32. Rc1 Kg7 33. Kf1
d4 34. Rc2 Rxc2 35. a8=Q Rc1+ 36. Ke2 d3+ 37. Kd2 Rc2+ 38. Kd1 Rcxc6 39. Qa1+
Kh6 40. Kd2 Rc2+ 41. Kd1 d2 0-1

[Event "FS Dortmund 1 - SV Welper 2"]
[Site "Verbandsklasse, Gruppe 1 2017"]
[Date "2018.01.14"]
[Round "5.2"]
[White "Brendemühl, Bernd"]
[Black "Leimkühler, Dirk"]
[Result "0-1"]
[WhiteElo "1881"]
[BlackElo "1813"]
[PlyCount "82"]
[EventDate "2018.??.??"]

1. e4 d5 2. exd5 Qxd5 3. Nc3 Qd6 4. d4 Nf6 5. h3 a6 6. Nf3 Bf5 7. Bd3 Bxd3 8.
Qxd3 Nc6 9. a3 g6 10. O-O Bg7 11. Bg5 e6 12. Rad1 O-O 13. Ne4 Nxe4 14. Qxe4
Rfe8 15. Qh4 Ne7 16. g4 f6 17. Bh6 Qc6 18. d5 Nxd5 19. g5 Bxh6 20. Qxh6 e5 21.
Rxd5 Qxd5 22. gxf6 Qf7 23. Qg5 Re6 24. Nxe5 Qxf6 25. Qxf6 Rxf6 26. Rd1 Rd6 27.
Nd3 Re8 28. Kf1 c5 29. Re1 Rxe1+ 30. Kxe1 b6 31. b3 Kg7 32. Ke2 Kf6 33. Kf3 g5
34. Ke3 h5 35. f4 g4 36. hxg4 hxg4 37. Ne5 Re6 38. Ke4 g3 39. Kf3 Rxe5 40.
fxe5+ Kxe5 41. c3 b5 0-1

[Event "FS Dortmund 1 - SV Welper 2"]
[Site "Verbandsklasse, Gruppe 1 2017"]
[Date "2018.01.14"]
[Round "5.3"]
[White "Wallhof, Dieter"]
[Black "Grube, Jörg"]
[Result "1-0"]
[WhiteElo "1887"]
[BlackElo "1845"]
[PlyCount "53"]
[EventDate "2018.??.??"]

1. Nf3 d5 2. b3 Bg4 3. Bb2 Nd7 4. d4 Bxf3 5. exf3 e6 6. Be2 c6 7. O-O Bd6 8. c4
Ngf6 9. Nc3 O-O 10. g3 a6 11. c5 Bc7 12. f4 b5 13. Bd3 Ne8 14. Qe2 g6 15. Nd1
Ng7 16. Ne3 a5 17. a3 Qe7 18. Rfe1 Rae8 19. Qc2 Qd8 20. Ng2 f6 21. Nh4 e5 22.
Bxg6 hxg6 23. Qxg6 Rf7 24. Nf5 Kf8 25. Nh6 Rfe7 26. Qh7 Rf7 27. Qg8+ 1-0